000 01388nam a2200325 i 4500
003 DO-SdBNP
005 20260309112329.0
007 ta
008 260219b2025 dr ||||| |||| 00| e spa d
020 _a9789945525007
040 _aDO-SdBNP
_bspa
_cBNPHU
_erda
041 _aspa
082 4 _aRD864.44
_bA473p
_222
100 1 _aÁlvarez, Soledad
_d1950-
_eautor
_4aut.
_985573
245 1 0 _aPedro Henríquez Ureña: una conversación que no termina /
_cSoledad Álvarez ; coordinación editorial, Clara Dobarro ; edición, María del Carmen Vicente, Andrés Blanco y Clara Dobarro. `
264 4 _aSanto Domingo, República Dominicana :
_bMinisterio de Cultura; Editora Nacional,
_c©2025
300 _a147 páginas ;
_c23 cm.
336 _atexto
_btxt
_2rdacontent
337 _asin mediación
_bn
_2rdamedia
338 _avolumen
_bnc
_2rdacarrier
500 _aIncluye datos biográficos de la autora en las solapas
500 _aIncluye referencias bibliográficas y notas al pie de las páginas
590 _aInventariado, 2026 /LP
600 1 0 _aUreña, Pedro Henríquez,
_d1884-1946
_989169
650 7 _aEnsayos dominicanos
_2LEMB
650 7 _aLiteratura dominicana
_2LEMB
700 1 _4ed.
_aVicente, María del Carmen,
_eedición
910 _aLP/Validado. Control de calidad MFF
942 _2ddc
_cLBS1
999 _c60364
_d60364